000 00930nam a2200265Ia 4500
003 OSt
005 20221005104111.0
006 a|||||r|||| 00| 0
007 ta
008 221004b |||||||| |||| 00| 0 hin d
020 _a9789380183374 (hbk)
024 _a26739
037 _bGift, 10/05/2016,
_cTextual
040 _aCRL
_cCRL
_bhin
041 _2hin
_ahin
082 _aY15:(W:5), 152Q1
100 _aमहरोत्रा, ममता
245 0 _aमहिला अधिकार और मानव अधिकार
246 _aMahilā adhikār aur mānav adhikāra
260 _aदिल्ली
_bज्ञान गंगा भारत
_c2011
300 _a159पृ0
_ccm.
650 _aभारतीय-लोक साहित्य
942 _hY15:(W:5), 152Q1
_cTEXL
_2cc
999 _c1011713
_d1011713